Enquete sur la ladrerie porcine bovine bubaline rencontree al'abattoir provincial de kampong cham, (ការអង្កេតស្ដីពីជំងឺចុងអង្កជ្រូក គោក្របី​ជួបប្រទះនៅទីសត្តឃាដ ខេត្តកំពង់ចាម) (Record no. 1739)

000 -LEADER
fixed length control field 00674nam a22001577a 4500
003 - CONTROL NUMBER IDENTIFIER
control field OSt
005 - DATE AND TIME OF LATEST TRANSACTION
control field 20151003093639.0
008 - FIXED-LENGTH DATA ELEMENTS--GENERAL INFORMATION
fixed length control field 151003b xxu||||| |||| 00| 0 eng d
040 ## - CATALOGING SOURCE
Transcribing agency RUA
082 ## - DEWEY DECIMAL CLASSIFICATION NUMBER
Classification number AVM KEO 1996 B069 Or.1
100 ## - MAIN ENTRY--PERSONAL NAME
9 (RLIN) 1842
Personal name KEO CHEN
245 ## - TITLE STATEMENT
Title Enquete sur la ladrerie porcine bovine bubaline rencontree al'abattoir provincial de kampong cham, (ការអង្កេតស្ដីពីជំងឺចុងអង្កជ្រូក គោក្របី​ជួបប្រទះនៅទីសត្តឃាដ ខេត្តកំពង់ចាម)
260 ## - PUBLICATION, DISTRIBUTION, ETC. (IMPRINT)
Place of publication, distribution, etc. phnom penh
Name of publisher, distributor, etc. RUA
Date of publication, distribution, etc. 1996
300 ## - PHYSICAL DESCRIPTION
Extent 67p.
Other physical details ill.
Dimensions 29cm.
942 ## - ADDED ENTRY ELEMENTS (KOHA)
Source of classification or shelving scheme
Koha item type AVM
Holdings
Price effective from Date last seen Permanent Location Not for loan Date acquired Source of classification or shelving scheme Koha item type Barcode Lost status Damaged status Shelving location Withdrawn status Current Location Full call number
2015-10-032015-10-03Library Block B 2015-10-03 AVMRUA007405  B069 Library Block BAVM KEO 1996 B069 Or.1
2015-10-032015-10-03Library Block B 2015-10-03 AVMRUA007536  B069 Library Block BAVM KEO 1996 B069 Or.2
មជ្ឈមណ្ឌលឯការនៃសាកលវិទ្យាល័យភូមិន្ទកសិកម្មចំការដូង

Powered by Koha